000 00523nam a22001697a 4500
999 _c18143
_d18143
008 200121b xxu||||| |||| 00| 0 eng d
020 _a9290591846
040 _aKABU
_cKABU
050 _aS494.5
_b.W67 2006 c. 1
245 _aWorld agroforestry into the future
_cDennis Garrity, ...[et al.]
260 _aNairobi, Kenya
_bWorld Agroforestry Centre
_c2006
300 _aix, 196 p.
650 _zDeveloping countries
650 _aWorld Agroforestry Centre
700 _aGarrity, Dennis
942 _2lcc
_cBK
_hS494.5